বাংলা দেশের ইতিহাস / (Record no. 37902)
[ view plain ]
| 000 -LEADER | |
|---|---|
| fixed length control field | 00929nam a2200241 a 4500 |
| 001 - CONTROL NUMBER | |
| control field | 37902 |
| 003 - CONTROL NUMBER IDENTIFIER | |
| rucl marc code | BD-RjUL |
| 005 - DATE AND TIME OF LATEST TRANSACTION | |
| control field | 20211209052702.0 |
| 008 - FIXED-LENGTH DATA ELEMENTS--GENERAL INFORMATION | |
| fixed length control field | 150730s1981 ii 000 0 bbend |
| 035 ## - SYSTEM CONTROL NUMBER | |
| System control number | (BD-RjUL)38007 |
| 040 ## - CATALOGING SOURCE | |
| Original cataloging agency | BD-RjUL |
| Transcribing agency | BD-RjUL |
| Language of cataloging | ben |
| 041 ## - LANGUAGE CODE | |
| Language code of text/sound track or separate title | ben |
| 082 ## - DEWEY DECIMAL CLASSIFICATION NUMBER | |
| Edition number | 23 |
| Classification number | 954.14 |
| Author mark and year | MAB 1981 |
| 100 1# - MAIN ENTRY--PERSONAL NAME | |
| Personal name | মজুমদার, রমেশচন্দ্র |
| 9 (RLIN) | 232743 |
| 245 ## - TITLE STATEMENT | |
| Title | বাংলা দেশের ইতিহাস / |
| Statement of responsibility, etc. | রমেশচন্দ্র মজুমদার প্রণীত |
| 250 ## - EDITION STATEMENT | |
| Edition statement | ৩য় সং. |
| 260 ## - PUBLICATION, DISTRIBUTION, ETC. (IMPRINT) | |
| Place of publication, distribution, etc. | কলিকাতা : |
| Name of publisher, distributor, etc. | জেনারেল পাবলিশার্স, |
| Date of publication, distribution, etc. | ১৯৮১ |
| 300 ## - PHYSICAL DESCRIPTION | |
| Pagination | খণ্ড : ; |
| Size | ২১ সেমি. |
| 505 ## - FORMATTED CONTENTS NOTE | |
| Formatted contents note | খণ্ড ৩, [আধুনিক যুগ] --- |
| 650 ## - SUBJECT ADDED ENTRY--TOPICAL TERM | |
| Topical term or geographic name as entry element | বাংলাদেশ |
| Form subdivision | ইতিহাস |
| 9 (RLIN) | 117208 |
| Topical term or geographic name as entry element | Bangladesh |
| Form subdivision | History |
| 9 (RLIN) | 117209 |
| 942 ## - ADDED ENTRY ELEMENTS (KOHA) | |
| Source of classification or shelving scheme | Dewey Decimal Classification |
| Koha item type | Books |
| Lost status | Source of classification or shelving scheme | Damaged status | Not for loan | Permanent Location | Current Location | Shelving location | Date acquired | Source of acquisition | Cost, normal purchase price | Total Checkouts | Full call number | Date last seen | Date checked out | Copy number | Koha item type | Collection code |
|---|---|---|---|---|---|---|---|---|---|---|---|---|---|---|---|---|
| Dewey Decimal Classification | Central Library, University of Rajshahi | Central Library, University of Rajshahi | 28/02/1988 | World book agency | 198.00 | 14 | B 954.14 MAB V-3 1981 | 19/11/2025 | 17/11/2025 | C-2 | Books | |||||
| Dewey Decimal Classification | Not For Loan | Central Library, University of Rajshahi | Central Library, University of Rajshahi | Reading Room | 20/07/1983 | Rajshahi, Aligarh Library | 180.00 | B 954.14 MAB V-3 1981 | 27/08/2019 | C-1 | Books | Non-fiction |